Statistics for How Smart are you?

Click here to take the quiz!

General Stats

  • This quiz has been taken 87 times
  • The average score is 4 of 12

Answer Stats

QuestionAnswer% Correct
What is the only country that borders Lesotho?South Africa
82%
What is the Capital of Panama?Panama City
70%
How many squares are there in a chess board?64
67%
Which country hosted the 2008 Paralympic Games? (Same country as normal Olympics)China
56%
When was the battle of Hastings? (Year)1066
55%
What fossil fuel is currently the most abundant?Coal
49%
Who wrote 'The Wonderful Wizard of Oz'?L. Frank Baum
21%
La Gioconda is popularly known as?Mona Lisa
20%
What was illegal in England in 1439?Kissing
9%
Which animal can live the longest without water?Rat
9%
What is a squirrel's nest called?Drey
7%
Who has won the most Oscars?Walt Disney
6%

Score Distribution

Percentile by Number Answered

Percent of People with Each Score

Your Score History

You have not taken this quiz